000 01593cam a22003734a 4500
999 _c28940
_d28911
001 15107850
003 EG-ScBUE
005 20201015130515.0
008 071210s2007 caua f f 001 0 eng d
020 _a9780596527525 (pbk.)
020 _a0596527527 (pbk.)
040 _aDLC
_beng
_erda
_cDLC
_dEG-ScBUE
082 0 4 _a005.72
_bROB
_222
100 1 _aNiederst Robbins, Jennifer,
_eauthor.
245 1 0 _aLearning web design :
_ba beginner's guide to (X)HTML, style sheets, and web graphics /
_cJennifer Niederst Robbins.
246 3 0 _aBeginner's guide to (X)HTML, style sheets, and web graphics
250 _aThird edition.
264 1 _aSebastopol, CA :
_bO'Reilly Media, Inc.,
_c2007.
300 _axiv, 464 pages :
_billustrations (some color) ;
_c25 cm
336 _2rdacontent
_atext
_btxt
337 _2rdamedia
_aunmediated
_bn
338 _2rdacarrier
_avolume
_bnc
500 _aIncludes index.
505 0 _apt. I. Getting started -- pt. II. HTML markup for structure -- pt. III. CSS for presentation -- pt. IV. Creating web graphics -- pt. V. From start to finish.
650 7 _aWeb sites
_xDesign
_vHandbooks, manuals, etc.
_2BUEsh
650 7 _aWeb sites
_xAuthoring programs
_vHandbooks, manuals, etc.
_2BUEsh
650 7 _aComputer graphics
_vHandbooks, manuals, etc.
_2BUEsh
650 7 _aHTML (Document markup language)
_vHandbooks, manuals, etc.
_2BUEsh
653 _bMASIICCSS
_cOctober2020
655 _vReading book
_934232
906 _a7
_bcbc
_corigcop
_d2
_encip
_f20
_gy-gencatlg
942 _2ddc
_cBB